000 00533nam a2200193Ia 4500
005 20250508150943.0
008 008 250505s9999 xx 000 0 eng d
037 _aTextual
040 _aFEDL
_beng
_cFEDL
041 _aeng
_2eng
084 _a338, ROY
_qFEDL
245 0 _aFood plan for India
245 0 _cRoyal Institute of International Affairs
260 _aLondon, UK
_bOxford University Press
_c1945
300 _axvi,61p
650 _aEconomics
942 _cTEXL
_h338, ROY
999 _c1326693
_d1326693